000 00275nam a22001337a 4500
008 170206b xxu||||| |||| 00| 0 eng d
020 _a999603691x
041 _aeng
080 _a61
100 _a3
101 _aSHM
245 _aCPT 2007
_cMICHAEL BEEBE
942 _2udc
_cBK
999 _c4704
_d4704